000 00694nam a2200241 a 4500
001 BRCA_5500
005 20190320205115.0
008 030211s1941----it-#######---#000-0#ita-#
041 _aita
044 _ait
050 4 _aND673.D9
_b.M85 1941
100 1 _aMuñoz, Antonio
_914057
245 1 0 _aVan Dyck
_cAntonio Muñoz.
260 _aRoma
_bInstituto Geográfico de Agostini
_c1941
300 _axxix, 128 p.
_bil. (algunas a color), 149 láminas
_c35 cm.
500 _aEstado físico: Camisa deteriorada
500 _aE174
504 _aBibliografía: p. xx
600 1 4 _aDyck, Anthonis van
_d1599-1641
_97570
650 1 4 _aPintores flamencos
_97571
902 _aGFM
942 _2lcc
_cB
999 _c5194
_d5194